000 01069nas a2200361 4500
001 BR2011001020
003 BR-BrBNA
005 20231205114442.0
007 ta
008 230509b bl.|||p| |||| 00| 00por d
040 _aBR-BrBNA
_bpor
_cBiblioteca Nacional de Agricultura
041 _a(Pt)
072 _aL72
100 1 _aFalbo, M.K.
100 1 _aSandini, I.E.
100 1 _aIshiy, H.M.
100 1 _aFávaro, J.L.
100 1 _aSantos, C.E. dos
100 1 _aBastos, S.
100 1 _aRodigheri, D.
100 1 _aGuzzo, D.
245 1 _aAtividade anti-helmíntica do fruto da Melia azedarach em cordeiros naturalmente infectados com nematódeos gastrintestinais
650 _aCORDEIRO
650 _aANTI-HELMÍNTICO
650 _aMELIA AZEDARACH
650 _aCINAMOMO
650 _aFITOTERAPIA
650 _aVERMINOSE
650 _aNEMATÓIDE
773 0 _tSemina. Ciências Agrárias (Brazil)
_xISSN 1676-546X
_g(Oct-Dec 2008), v. 29(4) p. 881-886
_wBR2011001020
909 _a202311
_bLúcia
_c55
_dLúcia Elande
942 _2AGRIS
_n0
_cANA
999 _c208835
_d208835